000 00555nam a22002057a 4500
003 UA-OsUOA
001 38317
007 ta
008 20060504b un ||||| |||| 00| 0 ukr d
090 _a32
_bП11
942 _cSA
040 _aUA-OsUOA
_bukr
_cUA-OsUOA
_dUA-OsUOA
245 _aПро найменування населеного пункту Дубенського району Рівненської області
300 _a612 с.
955 _a0
041 _aukr
080 _a32
773 0 _w38315
650 7 _a32 Політика
_2UDC
999 _c324482
_d324482